01269nam a2200265 a 450000100060000000300080000600500170001400800410003103500190007204000310009104100080012208200240013024501640015424600710031826000770038930000370046650400370050350502110054065100200075165100250077170000660079670000700086270000410093270000300097325119BD-RjUL20211209050831.0140316m19711963ii 001 0 eng d a(BD-RjUL)25188 aMFScBD-RjULdBD-RjULbeng aeng00a954bHIS 1971-196304aThe History and culture of the Indian people /cGeneral editor: R. C. Majumdar ; Assistant editors: A.D. Pusalker ; Foreword by K. M. Munshi A. K. Majumdar. aBharatiya Vidya Bhavan's History and culture of the Indian people  aBombay :bBharatiya Vidya Bhavan,c1951 - 1963 [Impression 1960 - 1988]. a v. :bill. (some col.);c26 cm. aIncludes bibliography and index.0 aVol. 1, The Vedic age --v. 2. The age of imperial unity.--v. 3. The classical age.-- v. 5. The struggle for empire.--v. 6. The Delhi sultanate.-- v. 9. British paramountcy and Indian renaissance, pt. 1.--  0aIndiaxHistory. 0aIndiaxCivilization.1 aMajumdar, R. C.q(Ramesh Chandra), d1888-1980 , General ed.1 aPusalker, A. D., Assistant ed,q(Achut Dattatraya), Assistant ed,1 aMajumdar, A. K., jt. Assistant ed.1 a Munshi, K.M., Foreworder